01004cam a2200241 a 450000100100000000500170001000800410002704000250006808200200009310000490011324500800016226000940024230000290033649000240036549000300038965000280041965000420044770000400048983000610052991000340059095201230062499900150074700000577420200929151759.0770324s1966 uy f000 p spa  aDO-SdBNPcFJUNFdDLC aU861.2bH565ó1 aHerrera y Reissig, Julio,d1875-1910.91634610aObras poéticas /cJulio Herrera y Reissig ; prólogo, Alberto Zum Felde. aMontevideo, Uruguay :bMinisterio de Instrucción Pública y Previsión Social,c1966. axxxvii, 279 p. ;c20 cm.0 aBiblioteca Artigas.0 aClásicos uruguayosv113 4aPoesía uruguaya93846 4aLiteratura uruguayaySIGLO XIX9163441 aFelde, Alberto Zum,epról.916347 0aBiblioteca Artigas.pClásicos uruguayos ;v113.916276 aCatalogación por copia / LC 001052708MOaGRbGRcCTd2009-08-22iLF1l0oU861.2 H565óp5774-10r2020-06-25w2020-06-25y2ZPréstamo interno c5570d5570